000 00832cam a2200193 4500
001 WS125625
008 040329n 000 0 eng u
035 _a(Sirsi) u125625
110 _aUrban Forum
_94606
245 _aUrban Forum Online
520 _aWeb site for this umbrella body for community and voluntary groups with interests in urban and regional policy, particularly regeneration. Includes pages of news, details of publications and discussion forum. Also pages on the voluntary sectors involvement in Local Strategic Partnerships (LSPs).
650 _aORGANISATION
650 _aVOLUNTARY BODIES
650 _aLOCAL STRATEGIC PARTNERSHIPS
650 _aDISCUSSION FORUM
690 _aREGENERATION
856 4 0 _uhttps://www.urbanforum.org.uk
_zView the website free of charge at www.urbanforum.org.uk
942 _n0
999 _c120418
_d120418